[Event "EU-ch U10 28th"]
[Site "Riga"]
[Date "2018.08.20"]
[Round "1"]
[White "Testelecs Kuprijans, Ilja"]
[Black "Zhelev, Nikolay"]
[Result "0-1"]
[WhiteElo "1108"]
[BlackElo "1596"]
[PlyCount "59"]
[EventDate "2018.08.20"]
[EventType "swiss"]
[EventRounds "9"]
[EventCountry "LAT"]
[SourceTitle "CBM 186 Extra"]
[Source "ChessBase"]
[SourceDate "2018.08.24"]
[SourceVersion "1"]
[SourceVersionDate "2018.08.24"]
[SourceQuality "1"]

1. e4 c5 2. Nf3 Nc6 3. d4 cxd4 4. Nxd4 Nf6 5. Nc3 e5 6. Nf3 d6 7. h3 Be6 8. Bg5 Be7 9. Bb5 0-0 10. 0-0 a6 11. Bxc6 bxc6 12. Qe2 Qc7 13. Rfd1 h6 14. Be3 Rfb8 15. b3 d5 16. exd5 cxd5 17. Na4 Nd7 18. Bd2 Qxc2 19. Rdc1 Qg6 20. Rc7 Bf6 21. Rac1 e4 22. Nh2 Bxh3 23. g3 Ne5 24. Nc5 Bd8 25. Rb7 Rxb7 26. Nxb7 Nd3 27. Rc2 Bb6 28. Be3 d4 29. Bd2 a5 30. Nf1 0-1